Geography of the Scandinavian Peninsula - Statistics

General Stats
  • This quiz has been taken 32 times
  • The average score is 5 of 22
Answer Stats
Category Answer % Correct
Seas Baltic
96%
Seas North
88%
Gulfs Bothnia
62%
Seas Norwegian
42%
Mountain Ranges Scandinavian
38%
Lakes Vänern
35%
Lakes Vättern
31%
Rivers Glomma
19%
Fjords Sognefjord
19%
Mountains Galdhøpiggen
12%
Rivers Dalälven
8%
Rivers Göta älv
8%
Rivers Torneälven
8%
Forests Beech
0%
Rivers Byskeälven
0%
Mountains Glittertind
0%
Mountains Helagsfjället
0%
Glacier Jostedalsbreen
0%
Forests Kolmården
0%
Fjords Nærøyfjord
0%
Mountains Sarektjåkkå
0%
Peaks Storvätteshågna
0%
No matching quizzes found
Score Distribution
Percent of People with Each Score
Percentile by Number Answered
Your Score History
You have not taken this quiz